000 00993nam a22002177a 4500
999 _c2308
_d2308
003 AR-CdUCM
008 190304b ||||| |||| 00| 0 spa d
040 _aMUNICIPALIDAD PROVINCIAL DEL CUSCO
_cBIBLIOTECA MUNICIPAL DEL CUSCO
082 _a866.51 /
_bB39
100 _aE. Beer, Kurt
_98332
245 _aAnecdotas Piuranas /
260 _aCusco :
_bEditorial Garcilaso,
_c1961.
300 _a107 páginas ;
_c17 cm.
500 _aBiografía de Kurt Emilio Beer
505 _aContenido: Broma pesada, por Augusto Feijó Sánchez -- El primer discurso de Kurt Beer le costo un arresto de 24 horas, por Nestor S. Martos -- Los piuranos se revientan una botella de whisky todos los días, por Nestor S. Martos -- Una anécdota en alemán contada en español por Kurt Emilio Beer, por Nestor S. Martos...
650 _aAnécdotas de Kurt Beer
_98333
650 _aBiografia de Kurt Beer
_98334
650 _aUn Suizo con corazón de piurano
_98335
942 _2ddc
_cLIBROS
945 _adavv